Dubai by Picture - Statistics

General Stats
  • This quiz has been taken 322 times
  • The average score is 6 of 10
Answer Stats
Picture Hint Answer % Correct
Burj Khalifa
96%
{Palm} Islands
94%
Shopping Complex {Dubai} Mall
85%
{World} Islands
80%
Luxury Hotel Atlantis
75%
5-Star Hotel Burj Al Arab
71%
{Persian} Gulf
69%
{Miracle} Garden
46%
Tallest Residential Building Princess Tower
16%
{Jabel Ali} Port
8%
No matching quizzes found
Score Distribution
Percent of People with Each Score
Percentile by Number Answered
Your Score History
You have not taken this quiz